000 00346nam a2200157Ia 4500
008 210210b xxu||||| |||| 00| 0 eng d
041 _aeng
082 _a874/15
100 _aGEORGE (K M)
245 _aPrabandha chandrika
260 _a
_b-
_c
650 _aPrabandha
650 _achandrika
690 _aMalayalam Criticism
906 _a002607
999 _c124577
_d124577